| 000 | 00429cam a2200169ua 4500 | ||
|---|---|---|---|
| 041 |
_aeng _h |
||
| 082 |
_a824 _bBUX/PH |
||
| 100 | _aBuxton, John . | ||
| 245 |
_aPhilip Sidney and the English renaissance / _cJohn Buxton. _hTextual Documents |
||
| 250 |
_a1 / _b. |
||
| 260 |
_aNew York : _bMcMillan Publishing Co , _c1965. |
||
| 300 | _a284 ; . | ||
| 504 | _a | ||
| 942 | _cBK | ||
| 999 |
_c3945 _d3945 |
||